01013nam a2200265 a 450000100060000000300080000600500170001400800410003103500200007204000270009204100080011908200260012710000410015324501170019426000460031130000250035750400500038265000240043270000460045670000440050270000360054694200120058299900170059495201360061155593BD-RjUL20211209080303.0161120s1952 enk bb 000 0 eng d a(BD-RjUL) 55716 aVGMcVGMdBD-RjULbeng aeng 223a828.809bARN 19521 aArnold, Matthew,d1822-1888.916560214aThe note-books of Matthew Arnold /cMatthew Arnold edited by Howard Foster Lowry, Karl Young, Waldo Hilary Dunn. aLondon :bOxford University Press,c1952. axv, 656 p. ;c22 cm. aIncludes Bibliographical References and Index 0aQuotations.91593201 aLowry, Howard Foster,d1901-1967.91656031 aDunn, Waldo Hilary,d1882-1969.91656041 aYoung, Karld1879-1943.9165605 2ddccBK c55593d55593 00102ddc40708NFICaRUCLbRUCLcStackd1955-07-25eO. U. Pg25.00l0o828.809 ARN 1952r2016-11-20 00:00:00tC-2w2021-12-09yBK